000 00445cam a2200169ua 4500
041 _aeng
_h
082 _a828.09
_bSUT/PR
100 _aSutherland, James .
245 _aPreface to eighteenth century poetry /
_cJames Sutherland.
_hTextual Documents
260 _aLondon :
_bOxford at the Clarendon Press ,
_c1958.
300 _a176 ; .
504 _a
942 _cBK
999 _c2616
_d2616